Score 0/10 Timer 01:30
0 Plays Today
Show/Film Missing Word % Correct
Buffy the Vampire _____Slayer
98.4%
Toy _____Story
96.5%
Much Ado About _____Nothing
94.3%
Atlantis: The _____ EmpireLost
76.4%
Marvel's _____ of S.H.I.E.L.D.Agents
75%
Marvel's The _____Avengers
69.2%
The _____ in the WoodsCabin
60.4%
_____: ResurrectionAlien
57.9%
_____ A.E.Titan
34.8%
Dr. Horrible's Sing-Along _____Blog
33.9%

Today's Daily Dose

Missing Word
I Hardly Know Her!

Word Ladder
Sentence Ending

Quick Pick
Female Firsts

Get the Picture
Triathlon Sports

Remove Ads.
Support Sporcle.
Get the best of Sporcle when you Go Orange. This ad-free experience offers more features, more stats, and more fun while also helping to support Sporcle. Thank you for becoming a member.

You're not logged in!

Compare scores with friends on all Sporcle quizzes.
OR
Log In

Show Comments

Extras

Top Quizzes Today


Score Distribution

Your Account Isn't Verified!

In order to create a playlist on Sporcle, you need to verify the email address you used during registration. Go to your Sporcle Settings to finish the process.

Report this User

Report this user for behavior that violates our Community Guidelines.

Details: